[Event "FIDE World Cup 2011"]
[Site "Khanty-Mansiysk RUS"]
[Date "2011.09.02"]
[Round "2.5"]
[White "Svidler, Peter"]
[Black "Nguyen, Ngoc Truong Son"]
[Result "1-0"]
[WhiteTitle "GM"]
[BlackTitle "GM"]
[WhiteElo "2739"]
[BlackElo "2637"]
[WhiteFideId "4102142"]
[BlackFideId "12401110"]
[EventDate "2011.08.28"]

1. e4 e6 2. d4 d5 3. e5 c5 4. c3 Nc6 5. Nf3 Nh6 6. Bd3 cxd4 7. Bxh6 gxh6 8. cxd4
Qb6 9. Qd2 Bd7 10. Be2 Bg7 11. Nc3 O-O 12. O-O Ne7 13. Bd3 Kh8 14. Ne2 Bb5 15.
Bxb5 Qxb5 16. Nf4 Ng6 17. Nh5 Rac8 18. Rac1 Qd7 19. h4 Rxc1 20. Rxc1 Rc8 21. g3
Rc6 22. Rxc6 Qxc6 23. Nh2 Ne7 24. Qf4 Nf5 25. g4 Qc2 26. Nf3 Ne7 27. Qxf7 Qg6
28. Qxe7 Qxg4+ 29. Kh2 1-0

[Event "FIDE World Cup 2011"]
[Site "Khanty-Mansiysk RUS"]
[Date "2011.09.02"]
[Round "2.6"]
[White "Ni, Hua"]
[Black "Ponomariov, Ruslan"]
[Result "1/2-1/2"]
[WhiteTitle "GM"]
[BlackTitle "GM"]
[WhiteElo "2662"]
[BlackElo "2764"]
[WhiteFideId "8601160"]
[BlackFideId "14103320"]
[EventDate "2011.08.28"]

1. e4 e5 2. Nf3 Nc6 3. d4 exd4 4. Nxd4 Bc5 5. Nb3 Bb6 6. Nc3 Nge7 7. Qe2 O-O 8.
Bg5 f6 9. Bd2 d6 10. O-O-O Be6 11. Kb1 a5 12. f4 a4 13. Nc1 f5 14. g4 Nd4 15.
Qg2 fxe4 16. f5 Bf7 17. f6 gxf6 18. Nxe4 Bg6 19. Bd3 d5 20. Ng3 Kh8 21. Nh5 Qd6
22. Rhf1 Bxh5 23. gxh5 Rg8 24. Qh3 Ndc6 25. Bc3 d4 26. Bc4 Nd5 27. Bxd5 Qxd5 28.
Rxf6 Qg2 29. Qxg2 Rxg2 30. Bd2 Kg7 31. Rf5 Ne7 32. Re5 Nc6 33. Re4 Rf8 34. Nd3
Rf5 35. h6+ Kf8 36. h4 Bc5 37. a3 Be7 38. Nf4 Rf2 39. Ne6+ Kf7 40. Bg5 Re5 41.
Rxe5 Nxe5 42. Nxc7 Bc5 43. Nb5 Nf3 44. Bf4 Ke6 45. h5 b6 46. Bc7 Kd5 47. Bg3 Rg2
48. Nc3+ Ke6 49. Ne4 Kf5 50. Nd6+ Ke6 51. Ne4 Kf5 52. Nd6+ Ke6 53. Ne4 Kf5 1/2-1/2

[Event "FIDE World Cup 2011"]
[Site "Khanty-Mansiysk RUS"]
[Date "2011.09.02"]
[Round "2.6"]
[White "Nguyen, Ngoc Truong Son"]
[Black "Svidler, Peter"]
[Result "0-1"]
[WhiteTitle "GM"]
[BlackTitle "GM"]
[WhiteElo "2637"]
[BlackElo "2739"]
[WhiteFideId "12401110"]
[BlackFideId "4102142"]
[EventDate "2011.08.28"]

1. d4 Nf6 2. c4 g6 3. Nc3 d5 4. Bg5 Ne4 5. h4 Bg7 6. cxd5 Nxc3 7. bxc3 Qxd5 8.
e3 Nd7 9. Nf3 Qa5 10. Bd3 h6 11. Bf4 e5 12. Bg3 exd4 13. exd4 O-O 14. O-O Nf6
15. Qc2 Bf5 16. Rfb1 b6 17. Ne5 Bxd3 18. Qxd3 Qd5 19. Rb5 c5 20. Re1 Qxa2 21.
dxc5 Rad8 22. Qf3 Rd5 23. Nc6 Rxc5 24. Rbb1 Nd5 25. Ne5 Nxc3 26. Ra1 Qd5 27. Qg4
h5 28. Qh3 Re8 0-1